00814nam a22002297a 4500003001100000005001700011008004100028020001800069040003900087041000800126082001600134245009000150260005800240300003600298650003200334650003000366650003900396650003600435942000700471952009100478999001500569LK-CoMWRAF20231113135030.0231028b2006 |||||||| |||| 00| 0 eng d a9789551274092 aLK-CoMWRAFdLK-CoMWRAFeLK-CoMWRAF aeng a303.69bSNA aSnapshots of peace building : bcommentaries on war and peace in Sri Lanka, 1996-2005 aColombo : bNational Peace Council of Sri Lankac2006 aix. 196 p. : ill. ; 20 x 23 cm. aEthnic conflict--Sri Lanka. aPeace building--Sri Lanka aSri Lanka--Politics and government aSri Lanka--History--Civil War,  cBK 00104070aMAINbMAINd2023-10-28l0o303.69 SNApRAF1869r2023-10-28w2023-10-28yBK c4025d4025